[Event "Olomouc Chess Summer 2024 - B1"]
[Site "Olomouc (CZE), Hotel Flora"]
[Date "2024.08.12"]
[Round "4"]
[Board "3"]
[White "Prokofiev, Valentyn"]
[Black "Valenta, Vit Vaclav"]
[Result "1-0"]
[WhiteElo "2381"]
[BlackElo "2005"]
[PlyCount "85"]
[EventDate "2024.08.10"]
[EventRounds "9"]
[EventCountry "CZE"]

1. d4 Nf6 2. c4 g6 3. Nc3 Bg7 4. e4 d6 5. Nf3 O-O 6. Be2 e5 7. O-O Nbd7 8. Qc2 Re8
9. Rd1 c6 10. d5 c5 11. Bg5 h6 12. Bd2 a6 13. a3 Nh5 14. g3 Nf8 15. Nh4 Nf4 16. Bf1
Nh3+ 17. Kg2 Bf6 18. Nf3 Ng5 19. Ng1 Bg7 20. Bd3 Qd7 21. Na4 Qc7 22. b4 cxb4 23.
axb4 f5 24. f3 fxe4 25. fxe4 Bg4 26. Rdc1 b6 27. Be3 Rab8 28. Qd2 Qd8 29. h3 Bd7
30. Nxb6 Rxb6 31. Bxb6 Qxb6 32. c5 dxc5 33. bxc5 Qc7 34. c6 Bc8 35. d6 Qa7 36. Bxa6
Be6 37. d7 Nxd7 38. Bc4 Qd4 39. Qxd4 exd4 40. cxd7 Rd8 41. Ra8 Bf6 42. Bxe6+ Nxe6
43. Ra6  1-0

[Event "Olomouc Chess Summer 2024 - B1"]
[Site "Olomouc (CZE), Hotel Flora"]
[Date "2024.08.12"]
[Round "4"]
[Board "4"]
[White "Fizer, Marek"]
[Black "Lanc, Alois"]
[Result "0-1"]
[WhiteElo "2262"]
[BlackElo "2259"]
[PlyCount "56"]
[EventDate "2024.08.10"]
[EventRounds "9"]
[EventCountry "CZE"]

1. e4 c5 2. Nf3 d6 3. d4 cxd4 4. Nxd4 Nf6 5. Nc3 a6 6. Bg5 Nc6 7. Qd2 h6 8. Bxf6
gxf6 9. O-O-O h5 10. Nxc6 bxc6 11. Kb1 Bg4 12. f3 Be6 13. f4 a5 14. f5 Bd7 15. Bc4
a4 16. Qe3 Qa5 17. Qg3 Bh6 18. Qf3 Qc5 19. b3 Rb8 20. Qd3 axb3 21. cxb3 Bf4 22. Ne2
Be5 23. Nd4 d5 24. exd5 cxd5 25. Ba6 Qa3 26. Qe2 Rb6 27. Bb5 Rxb5 28. Qc2 Rb4  0-1

[Event "Olomouc Chess Summer 2024 - B1"]
[Site "Olomouc (CZE), Hotel Flora"]
[Date "2024.08.12"]
[Round "4"]
[Board "5"]
[White "Ivanov, Mike"]
[Black "Sluka, Radek"]
[Result "1/2-1/2"]
[WhiteElo "2364"]
[BlackElo "2314"]
[PlyCount "119"]
[EventDate "2024.08.10"]
[EventRounds "9"]
[EventCountry "CZE"]

1. Nf3 Nf6 2. g3 g6 3. Bg2 Bg7 4. d4 O-O 5. O-O c5 6. dxc5 Na6 7. Be3 Ne4 8. Bd4
Bxd4 9. Nxd4 Nexc5 10. c4 d6 11. Nc3 Nc7 12. b4 N5e6 13. Nb3 Na6 14. a3 Rb8 15. Na5
Qd7 16. Qd3 Nd8 17. Rad1 b6 18. Nb3 Bb7 19. e4 Rc8 20. Nd5 f6 21. f4 Nf7 22. Rfe1
Kg7 23. Nd4 e5 24. Nb5 Bc6 25. Nbc3 Nc7 26. Rf1 Bxd5 27. exd5 f5 28. Rfe1 Ne8 29.
Rc1 Nf6 30. Nb1 Rfe8 31. Nd2 a5 32. h3 Qd8 33. Kh2 h5 34. fxe5 Nxe5 35. Qd4 Nfd7
36. Nf3 Qf6 37. Nxe5 Rxe5 38. Rxe5 Qxe5 39. Qxe5+ Nxe5 40. Bf1 Kf6 41. Kg2 g5 42.
Be2 h4 43. gxh4 gxh4 44. Kf2 f4 45. Rb1 Kf5 46. bxa5 bxa5 47. Rb6 Rd8 48. Rb5 Rg8
49. c5 dxc5 50. Rxc5 f3 51. Bf1 Rb8 52. Rxa5 Rb2+ 53. Ke3 Rb1 54. Kf2 Rb2+ 55. Ke3
Rb1 56. Ba6 Rb3+ 57. Kf2 Rb2+ 58. Ke3 Rb3+ 59. Kf2 Rb2+ 60. Ke3  1/2-1/2

[Event "Olomouc Chess Summer 2024 - B1"]
[Site "Olomouc (CZE), Hotel Flora"]
[Date "2024.08.13"]
[Round "5"]
[Board "1"]
[White "Sluka, Radek"]
[Black "Bokhnak, Timofey"]
[Result "0-1"]
[WhiteElo "2314"]
[BlackElo "2273"]
[PlyCount "78"]
[EventDate "2024.08.10"]
[EventRounds "9"]
[EventCountry "CZE"]

1. Nc3 d5 2. e4 e6 3. g3 Nf6 4. Bg2 Bb4 5. e5 Nfd7 6. Qg4 Bf8 7. d4 c5 8. dxc5 Nxe5
9. Qe2 Nbc6 10. Bf4 Ng6 11. Nxd5 Nxf4 12. Nxf4 Bxc5 13. Nf3 O-O 14. O-O Re8 15. c3
Bb6 16. Rfd1 Qe7 17. b4 Bc7 18. a4 h6 19. Qc4 Rb8 20. Re1 Rd8 21. Rad1 Rxd1 22. Rxd1
Ne5 23. Nxe5 Bxe5 24. Nd3 Bd6 25. Qd4 a6 26. c4 e5 27. Qa7 Bf5 28. Nc5 Qc7 29. Bd5
a5 30. Nb3 Bc2 31. Rd2 Bxb3 32. c5 Bxd5 33. Rxd5 Bf8 34. b5 Rd8 35. b6 Qc8 36. Rxd8
Qxd8 37. Qxa5 Qd1+ 38. Kg2 Qd5+ 39. Kg1 Qxc5  0-1

[Event "Olomouc Chess Summer 2024 - B1"]
[Site "Olomouc (CZE), Hotel Flora"]
[Date "2024.08.13"]
[Round "5"]
[Board "2"]
[White "Lanc, Alois"]
[Black "Ivanov, Mike"]
[Result "1/2-1/2"]
[WhiteElo "2259"]
[BlackElo "2364"]
[PlyCount "120"]
[EventDate "2024.08.10"]
[EventRounds "9"]
[EventCountry "CZE"]

1. e4 e6 2. d4 d5 3. Nc3 Be7 4. Nf3 Nf6 5. Bd3 c5 6. dxc5 dxe4 7. Nxe4 Nxe4 8. Bxe4
Qxd1+ 9. Kxd1 Bxc5 10. Ke2 Nd7 11. c4 e5 12. Be3 O-O 13. Bd5 Re8 14. Ng5 Re7 15.
Bxc5 Nxc5 16. b4 Na4 17. Rac1 a5 18. b5 Nc5 19. Ne4 Nxe4 20. Bxe4 Be6 21. Rhd1 Rc8
22. c5 Bxa2 23. c6 bxc6 24. Rxc6 Rb8 25. Ra1 Be6 26. Rxa5 Bd7 27. Rc5 Kf8 28. Ra8
Ree8 29. Rxb8 Rxb8 30. Rxe5 Bxb5+ 31. Kf3 Bc4 32. h4 Rb3+ 33. Kf4 g6 34. Rc5 Be6
35. Bf3 h5 36. Re5 Kg7 37. Re3 Rb4+ 38. Kg3 Bf5 39. Rc3 Rd4 40. Rc5 Be6 41. Re5 Bf5
42. Rd5 Rb4 43. Rc5 Kf6 44. Rc6+ Ke5 45. Rc5+ Kd6 46. Rc6+ Kd7 47. Ra6 Be6 48. Bc6+
Ke7 49. Bf3 Kf6 50. Ra5 Rd4 51. Rc5 Kg7 52. Re5 Bf5 53. Rd5 Rb4 54. Rc5 Kh6 55. Rc6
Rd4 56. Rf6 Kg7 57. Rc6 Bg4 58. Bxg4 hxg4 59. Rc7 Re4 60. Rb7 Rd4  1/2-1/2

[Event "Olomouc Chess Summer 2024 - B1"]
[Site "Olomouc (CZE), Hotel Flora"]
[Date "2024.08.13"]
[Round "5"]
[Board "3"]
[White "Valenta, Vit Vaclav"]
[Black "Fizer, Marek"]
[Result "1/2-1/2"]
[WhiteElo "2005"]
[BlackElo "2262"]
[PlyCount "153"]
[EventDate "2024.08.10"]
[EventRounds "9"]
[EventCountry "CZE"]

1. e4 c5 2. Ne2 d6 3. g3 Nc6 4. Bg2 g6 5. d4 cxd4 6. Nxd4 Nxd4 7. Qxd4 Nf6 8. O-O
Bg7 9. Qa4+ Bd7 10. Qb3 O-O 11. Nc3 Qa5 12. Nd5 Nxd5 13. Qxd5 Qc7 14. c3 Be6 15.
Qd1 b5 16. a3 a5 17. Bf4 Rab8 18. Rc1 Rfc8 19. Re1 Qc4 20. Qd2 Qb3 21. Bg5 Rc7 22.
Be3 b4 23. axb4 axb4 24. Bd4 Rbc8 25. Bxg7 Kxg7 26. Re3 Kg8 27. Bf1 Qa2 28. Be2 bxc3
29. Rexc3 Rxc3 30. Rxc3 Qb1+ 31. Kg2 Qxe4+ 32. Bf3 Qf5 33. Rxc8+ Bxc8 34. b4 Ba6
35. Bc6 Qb1 36. h3 Qf1+ 37. Kh2 Qc4 38. Bd5 Qb5 39. Bg2 Bc8 40. Qc3 Bd7 41. Kg1 Qb6
42. Qa3 e5 43. h4 Kf8 44. Bf1 Ke7 45. b5 f5 46. Qa2 Be6 47. Qa8 e4 48. Qh8 e3 49.
Qg7+ Bf7 50. Bc4 exf2+ 51. Kg2 d5 52. Qe5+ Qe6 53. Qc7+ Kf6 54. Bd3 Qe1 55. Qb6+
Kg7 56. Qd4+ Kg8 57. Qxf2 Qe5 58. Qf4 Qb2+ 59. Kh3 Be6 60. Qb8+ Kf7 61. Qc7+ Kf6
62. Qd8+ Kg7 63. Qc7+ Bf7 64. b6 Qa1 65. Kh2 Qb2+ 66. Bc2 Qd4 67. Kh1 Qc4 68. Qe5+
Kh6 69. Qe3+ Kg7 70. Qe5+ Kf8 71. Qd6+ Ke8 72. Ba4+ Qxa4 73. Qb8+ Kd7 74. Qc7+ Ke6
75. b7 Qd1+ 76. Kg2 Qe2+ 77. Kg1  1/2-1/2

[Event "Olomouc Chess Summer 2024 - B1"]
[Site "Olomouc (CZE), Hotel Flora"]
[Date "2024.08.13"]
[Round "5"]
[Board "4"]
[White "Priehoda, Vitezslav"]
[Black "Prokofiev, Valentyn"]
[Result "0-1"]
[WhiteElo "2262"]
[BlackElo "2381"]
[PlyCount "74"]
[EventDate "2024.08.10"]
[EventRounds "9"]
[EventCountry "CZE"]

1. d4 Nf6 2. c4 e6 3. Nf3 c5 4. d5 d6 5. Nc3 g6 6. e4 Bg7 7. h3 O-O 8. Bd3 exd5 9.
exd5 Re8+ 10. Be3 Rxe3+ 11. fxe3 Qe7 12. e4 Nbd7 13. g4 Ne5 14. Nxe5 Qxe5 15. Qf3
Nd7 16. h4 Qe7 17. Qg2 Ne5 18. Be2 a6 19. a4 Bd7 20. Kd1 Qd8 21. Kc2 Qa5 22. Ra3
Bxg4 23. Bxg4 Nxc4 24. Rh3 Nxa3+ 25. bxa3 b5 26. Bd7 Rb8 27. axb5 Qxa3 28. Qe2 axb5
29. Bxb5 Qb4 30. Qc4 Bxc3 31. Qxb4 cxb4 32. Bc4 h5 33. Rh1 Ra8 34. Bb5 Ra2+ 35. Kb3
Rf2 36. Rf1 Rxf1 37. Bxf1 f6  0-1

[Event "Olomouc Chess Summer 2024 - B1"]
[Site "Olomouc (CZE), Hotel Flora"]
[Date "2024.08.13"]
[Round "5"]
[Board "5"]
[White "Ernst, Robert"]
[Black "Flasik, Radoslav"]
[Result "0-1"]
[WhiteElo "2241"]
[BlackElo "2093"]
[PlyCount "114"]
[EventDate "2024.08.10"]
[EventRounds "9"]
[EventCountry "CZE"]

1. d4 Nf6 2. c4 c5 3. d5 b5 4. cxb5 a6 5. f3 axb5 6. e4 Qa5+ 7. Bd2 b4 8. Na3 d6
9. Nc4 Qd8 10. a3 e6 11. dxe6 Bxe6 12. axb4 Rxa1 13. Qxa1 d5 14. exd5 Nxd5 15. Qa4+
Nd7 16. Ne2 Be7 17. bxc5 O-O 18. Nd4 Bxc5 19. Nxe6 Re8 20. Kd1 Rxe6 21. Bd3 N7b6
22. Nxb6 Ne3+ 23. Bxe3 Rxe3 24. Nc4 Qxd3+ 25. Kc1 Re2 26. Rd1 Be3+ 27. Nxe3 Qxe3+
28. Kb1 h5 29. Qa8+ Kh7 30. Qd5 Kg6 31. g3 Qf2 32. Qd3+ Kh6 33. Qc3 Qxh2 34. f4 Qg2
35. Rd6+ Kh7 36. Qd3+ g6 37. Qc3 Qe4+ 38. Kc1 Re3 39. Qc7 Re1+ 40. Rd1 Qe3+ 41. Kc2
Re2+ 42. Kb1 Qb3 43. Qc1 Qxg3 44. Qc4 Re7 45. f5 g5 46. f6 Re6 47. Qc2+ Kh6 48. Qc8
Qf3 49. Qh8+ Kg6 50. Qg8+ Kf5 51. Qh7+ Kf4 52. Qc2 Qe4 53. Rd3 Rc6 54. Qd2+ Kf5 55.
Ka2 Kxf6 56. b4 h4 57. b5 Qa4+  0-1

[Event "Olomouc Chess Summer 2024 - B1"]
[Site "Olomouc (CZE), Hotel Flora"]
[Date "2024.08.14"]
[Round "6"]
[Board "1"]
[White "Bokhnak, Timofey"]
[Black "Flasik, Radoslav"]
[Result "1-0"]
[WhiteElo "2273"]
[BlackElo "2093"]
[PlyCount "97"]
[EventDate "2024.08.10"]
[EventRounds "9"]
[EventCountry "CZE"]

1. e4 c5 2. Nf3 d6 3. Bb5+ Nd7 4. O-O a6 5. Bd3 Ngf6 6. Re1 e5 7. c3 Be7 8. Bc2 O-O
9. d3 b5 10. Nbd2 Bb7 11. Nf1 Re8 12. Ng3 Bf8 13. a4 Qc7 14. Bd2 g6 15. Qc1 Bg7 16.
Bh6 Bh8 17. h3 Rad8 18. Bg5 Rc8 19. Qd2 Nf8 20. Rac1 Ne6 21. Be3 d5 22. Bh6 Rcd8
23. Qe2 c4 24. dxc4 Nf4 25. Qf1 dxe4 26. Nxe4 Nxe4 27. Bxe4 Bxe4 28. Rxe4 Nd3 29.
cxb5 f5 30. Rb4 axb5 31. Rxb5 e4 32. Nd2 Nxc1 33. Qxc1 Bf6 34. Nf1 Rd7 35. Ne3 Bg7
36. Nd5 Qc6 37. c4 Re5 38. Be3 Kf7 39. b3 Rb7 40. Bd4 Re8 41. Bxg7 Kxg7 42. Qc3+
Kh6 43. Qe3+ Kg7 44. Qd4+ Kh6 45. Rxb7 Qxb7 46. b4 f4 47. Qf6 f3 48. Ne3 Qd7 49.
g4  1-0

[Event "Olomouc Chess Summer 2024 - B1"]
[Site "Olomouc (CZE), Hotel Flora"]
[Date "2024.08.14"]
[Round "6"]
[Board "2"]
[White "Prokofiev, Valentyn"]
[Black "Ernst, Robert"]
[Result "1/2-1/2"]
[WhiteElo "2381"]
[BlackElo "2241"]
[PlyCount "49"]
[EventDate "2024.08.10"]
[EventRounds "9"]
[EventCountry "CZE"]

1. c4 c6 2. e4 d5 3. exd5 Nf6 4. d4 cxd5 5. Nc3 Nc6 6. Nf3 Bg4 7. cxd5 Nxd5 8. Qb3
Bxf3 9. gxf3 e6 10. Qxb7 Nxd4 11. Bb5+ Nxb5 12. Qc6+ Ke7 13. Qc5+ Nd6 14. Nxd5+ Kd7
15. Ne3 Qb6 16. Qxb6 axb6 17. b3 Be7 18. Bb2 f6 19. Rg1 g5 20. a4 b5 21. Rg4 bxa4
22. bxa4 Rhb8 23. Bc3 Rb3 24. Bd2 Rab8 25. a5  1/2-1/2

[Event "Olomouc Chess Summer 2024 - B1"]
[Site "Olomouc (CZE), Hotel Flora"]
[Date "2024.08.14"]
[Round "6"]
[Board "3"]
[White "Fizer, Marek"]
[Black "Priehoda, Vitezslav"]
[Result "1/2-1/2"]
[WhiteElo "2262"]
[BlackElo "2262"]
[PlyCount "179"]
[EventDate "2024.08.10"]
[EventRounds "9"]
[EventCountry "CZE"]

1. e4 c5 2. Nf3 a6 3. c4 Nc6 4. d4 cxd4 5. Nxd4 e5 6. Nc2 Nf6 7. Nc3 Bc5 8. Bd3 d6
9. Ne3 h6 10. O-O O-O 11. a3 Rb8 12. b4 Bd4 13. Bd2 Ne7 14. Rc1 Ng6 15. Ne2 Nf4 16.
Bb1 Nxe2+ 17. Qxe2 b5 18. Rfd1 bxc4 19. Bc3 Bxc3 20. Rxc3 a5 21. Nxc4 axb4 22. axb4
Rxb4 23. Qe1 Be6 24. Bd3 Bxc4 25. Bxc4 Qb6 26. Bd5 Rd4 27. Rxd4 Qxd4 28. Rc4 Qd3
29. Rc3 Qd4 30. Rc4 Qa7 31. h3 Rb8 32. Qc1 Kh7 33. Rc7 Rb1 34. Qxb1 Qxc7 35. Qd3
g6 36. Kh2 Kg7 37. Bb3 Qc5 38. f3 h5 39. Ba2 h4 40. Qb3 Qc7 41. Qc4 Qa7 42. Bb3 Nh5
43. Qa4 Qe7 44. Qc4 Nf4 45. Ba2 Qa7 46. Bb3 Qb7 47. Qa4 Qe7 48. Qc4 Qf6 49. Ba2 Nh5
50. Qc1 Ng3 51. Bb3 Ne2 52. Qe3 Nf4 53. Qa7 Nh5 54. Qe3 Qe7 55. Bc4 Qc7 56. Ba2 Nf4
57. Bb3 Qb7 58. Qc3 Ne2 59. Qc4 Nd4 60. Ba2 Qa7 61. Bb3 Qe7 62. Ba2 Qf6 63. Qc1 Ne2
64. Qe3 Nf4 65. Qa7 g5 66. Bb3 Nh5 67. Qe3 Ng3 68. Qc1 Qe7 69. Ba2 Kg6 70. Qc8 Kg7
71. Qc1 Qf6 72. Bb3 Ne2 73. Qe3 Qf4+ 74. Qxf4 Nxf4 75. Kg1 f5 76. Kf2 Kf6 77. Bc4
Ke7 78. Bb5 Ke6 79. Ba6 fxe4 80. fxe4 d5 81. exd5+ Kxd5 82. Bb7+ Kd4 83. Kf3 e4+
84. Bxe4 Nxg2 85. Bb7 Ne3 86. Bc8 Kd3 87. Bb7 Kd4 88. Ba6 g4+ 89. hxg4 Nxg4 90. Kxg4
 1/2-1/2

[Event "Olomouc Chess Summer 2024 - B1"]
[Site "Olomouc (CZE), Hotel Flora"]
[Date "2024.08.14"]
[Round "6"]
[Board "4"]
[White "Ivanov, Mike"]
[Black "Valenta, Vit Vaclav"]
[Result "1-0"]
[WhiteElo "2364"]
[BlackElo "2005"]
[PlyCount "39"]
[EventDate "2024.08.10"]
[EventRounds "9"]
[EventCountry "CZE"]

1. e4 e5 2. f4 d5 3. exd5 c6 4. Ne2 e4 5. d3 Nf6 6. Nbc3 Qb6 7. Ng3 cxd5 8. dxe4
Bc5 9. Bb5+ Kf8 10. e5 Ng4 11. Qe2 Bf2+ 12. Kf1 Nxh2+ 13. Rxh2 Bxg3 14. Be3 d4 15.
Rd1 dxe3 16. Nd5 Bg4 17. Nxb6 Bxe2+ 18. Kxe2 axb6 19. Rd8+ Ke7 20. Rxh8  1-0

[Event "Olomouc Chess Summer 2024 - B1"]
[Site "Olomouc (CZE), Hotel Flora"]
[Date "2024.08.15"]
[Round "7"]
[Board "1"]
[White "Lanc, Alois"]
[Black "Bokhnak, Timofey"]
[Result "0-1"]
[WhiteElo "2259"]
[BlackElo "2273"]
[PlyCount "104"]
[EventDate "2024.08.10"]
[EventRounds "9"]
[EventCountry "CZE"]

1. e4 c5 2. Nf3 e6 3. d4 cxd4 4. Nxd4 Nc6 5. Nc3 a6 6. Be2 Nf6 7. a3 Be7 8. f4 d6
9. Be3 O-O 10. O-O e5 11. fxe5 dxe5 12. Nf5 Bxf5 13. Rxf5 g6 14. Rf1 Nd4 15. Bh6
Re8 16. Kh1 Qb6 17. Bd3 Qc6 18. Bg5 Rad8 19. Bxf6 Bxf6 20. Nd5 Bg7 21. c3 Ne6 22.
Qe2 Rc8 23. Rf2 Qc5 24. Raf1 Rf8 25. Bb1 Rcd8 26. Ba2 Rd7 27. Qg4 h5 28. Qh3 Kh8
29. g4 Ng5 30. Qg2 h4 31. Re2 Bh6 32. b4 Qc6 33. Qf2 h3 34. Qg3 f6 35. Rd1 Kg7 36.
Qd3 b5 37. Rc2 Rfd8 38. c4 Ne6 39. cxb5 Qxb5 40. Qxh3 Bf4 41. Re1 Ng5 42. Qb3 Nxe4
43. Nc7 Nf2+ 44. Kg1 Nh3+ 45. Qxh3 Qb6+ 46. Kf1 Rxc7 47. Rce2 Rh8 48. Qb3 Bxh2 49.
Kg2 Bf4 50. Rh1 Rxh1 51. Kxh1 Rc1+ 52. Kg2 Qg1+  0-1

[Event "Olomouc Chess Summer 2024 - B1"]
[Site "Olomouc (CZE), Hotel Flora"]
[Date "2024.08.15"]
[Round "7"]
[Board "2"]
[White "Valenta, Vit Vaclav"]
[Black "Sluka, Radek"]
[Result "0-1"]
[WhiteElo "2005"]
[BlackElo "2314"]
[PlyCount "46"]
[EventDate "2024.08.10"]
[EventRounds "9"]
[EventCountry "CZE"]

1. Nf3 f5 2. g3 Nf6 3. Bg2 g6 4. c4 Bg7 5. O-O O-O 6. Nc3 d6 7. d4 Nc6 8. d5 Na5
9. Qa4 c5 10. dxc6 Nxc6 11. c5 d5 12. Rd1 e6 13. Bf4 Bd7 14. Qb3 Ne4 15. Qxb7 Nxc5
16. Qc7 Qxc7 17. Bxc7 Rfc8 18. Bf4 Ne4 19. Rac1 Nxc3 20. bxc3 Na5 21. Ne5 Ba4 22.
Rd4 Bb5 23. Bf1 g5  0-1

[Event "Olomouc Chess Summer 2024 - B1"]
[Site "Olomouc (CZE), Hotel Flora"]
[Date "2024.08.15"]
[Round "7"]
[Board "3"]
[White "Priehoda, Vitezslav"]
[Black "Ivanov, Mike"]
[Result "1/2-1/2"]
[WhiteElo "2262"]
[BlackElo "2364"]
[PlyCount "86"]
[EventDate "2024.08.10"]
[EventRounds "9"]
[EventCountry "CZE"]

1. Nf3 Nf6 2. c4 b6 3. Nc3 Bb7 4. d4 e6 5. a3 Ne4 6. Bd2 Nxd2 7. Qxd2 g6 8. e3 Bg7
9. Be2 d6 10. O-O Nd7 11. Rfd1 O-O 12. Rac1 Qe7 13. Ne1 Rfd8 14. Bf3 Bxf3 15. Nxf3
c5 16. b3 Rac8 17. a4 Nf6 18. a5 Qb7 19. axb6 axb6 20. Qe2 Ne4 21. Nxe4 Qxe4 22.
d5 Ra8 23. h4 h6 24. h5 g5 25. dxe6 fxe6 26. Nd2 Qf5 27. Nf1 Be5 28. g3 Ra3 29. Rd3
Rda8 30. Rcd1 Ra2 31. R1d2 Ra1 32. Rd1 R1a2 33. R3d2 Rxd2 34. Rxd2 Kh8 35. Ra2 Rxa2
36. Qxa2 Qf3 37. Qa7 Qxh5 38. Qxb6 Kg7 39. Qc6 g4 40. Nd2 Qf5 41. Ne4 Qf3 42. Qd7+
Qf7 43. Qd8 Qf3  1/2-1/2

[Event "Olomouc Chess Summer 2024 - B1"]
[Site "Olomouc (CZE), Hotel Flora"]
[Date "2024.08.15"]
[Round "7"]
[Board "4"]
[White "Ernst, Robert"]
[Black "Fizer, Marek"]
[Result "1-0"]
[WhiteElo "2241"]
[BlackElo "2262"]
[PlyCount "109"]
[EventDate "2024.08.10"]
[EventRounds "9"]
[EventCountry "CZE"]

1. c4 c5 2. Nf3 b6 3. Nc3 Nf6 4. e3 Bb7 5. d4 cxd4 6. exd4 d6 7. d5 g6 8. Be2 Bg7
9. O-O Nbd7 10. Be3 O-O 11. Rc1 Rc8 12. b4 a6 13. h3 Rc7 14. a4 Qa8 15. Qb3 Ne8 16.
Nd4 Rc8 17. Rfd1 Nc7 18. Nc6 Rce8 19. a5 bxa5 20. Nxa5 e6 21. Nxb7 Qxb7 22. dxe6
Nxe6 23. Rxd6 Ndc5 24. Qb1 Bxc3 25. bxc5 Qxb1 26. Rxb1 Nxc5 27. Rc6 Ne6 28. Rxa6
Nd4 29. Bf1 Rb8 30. Rab6 Rxb6 31. Rxb6 Nf5 32. Bf4 Bd4 33. Rb8 Rxb8 34. Bxb8 Bc5
35. Bf4 f6 36. Bd3 Nd6 37. Kf1 Kf7 38. Ke2 Ke6 39. Be3 Nb7 40. Be4 Bxe3 41. Kxe3
Nc5 42. h4 Kd6 43. g3 Nb3 44. h5 gxh5 45. Bxh7 Kc5 46. Bd3 Na5 47. Ke4 Nb3 48. Ke3
Na5 49. f3 Nxc4+ 50. Bxc4 Kxc4 51. Ke4 Kc3 52. g4 h4 53. f4 h3 54. Kf3 Kd3 55. g5
 1-0

[Event "Olomouc Chess Summer 2024 - B1"]
[Site "Olomouc (CZE), Hotel Flora"]
[Date "2024.08.15"]
[Round "7"]
[Board "5"]
[White "Flasik, Radoslav"]
[Black "Prokofiev, Valentyn"]
[Result "1-0"]
[WhiteElo "2093"]
[BlackElo "2381"]
[PlyCount "65"]
[EventDate "2024.08.10"]
[EventRounds "9"]
[EventCountry "CZE"]

1. d4 Nf6 2. c4 e6 3. Nf3 c5 4. e3 cxd4 5. exd4 d5 6. Nc3 Be7 7. Bd3 O-O 8. O-O dxc4
9. Bxc4 Nbd7 10. Re1 Nb6 11. Bb3 Bd7 12. Bg5 Bc6 13. Ne5 Rc8 14. Qd3 Bd5 15. Bc2
g6 16. Bh6 Re8 17. Nxd5 Nfxd5 18. Qf3 Bf6 19. Bb3 Bxe5 20. dxe5 Qh4 21. Bc1 Rc5 22.
Re4 Qe7 23. h4 Rec8 24. Bh6 a5 25. a4 Nc4 26. Qe2 Qc7 27. Rc1 Ncb6 28. Rd1 Ne7 29.
g4 Nbd5 30. Qf3 Qb6 31. Red4 R8c6 32. Qf6 Nf5 33. gxf5  1-0

[Event "Olomouc Chess Summer 2024 - B1"]
[Site "Olomouc (CZE), Hotel Flora"]
[Date "2024.08.16"]
[Round "8"]
[Board "1"]
[White "Bokhnak, Timofey"]
[Black "Prokofiev, Valentyn"]
[Result "0-1"]
[WhiteElo "2273"]
[BlackElo "2381"]
[PlyCount "106"]
[EventDate "2024.08.10"]
[EventRounds "9"]
[EventCountry "CZE"]

1. e4 c5 2. Nf3 Nc6 3. Bb5 g6 4. O-O Bg7 5. Re1 Nf6 6. c3 O-O 7. d4 d5 8. e5 Ne4
9. Bxc6 bxc6 10. Be3 Rb8 11. Qc1 c4 12. Nbd2 Bf5 13. b3 Qa5 14. bxc4 Nxc3 15. Nb3
Qb4 16. cxd5 cxd5 17. Nfd2 Rfc8 18. Nc5 Qb2 19. Qxb2 Rxb2 20. a3 Rcb8 21. h3 a5 22.
Kh2 Bc2 23. Rec1 Na2 24. Re1 e6 25. Nf3 Bf8 26. Bd2 a4 27. Kg3 R8b5 28. Be3 Be7 29.
Kh2 Kg7 30. g4 h6 31. Ng1 Nc3 32. Ne2 Ne4 33. Rec1 Bg5 34. Bxg5 hxg5 35. Kg1 Nxc5
36. dxc5 Rxc5 37. Nd4 Rc4 38. Nxc2 Rcxc2 39. Rxc2 Rxc2 40. Kf1 Rc3 41. Kg2 Kf8 42.
f3 Ke7 43. Kf2 Kd7 44. Rb1 Kc7 45. Ra1 Kc6 46. Ke2 Kc5 47. Rb1 Rxa3 48. Rb7 Ra1 49.
Rc7+ Kb6 50. Rc2 a3 51. Kd3 Kb5 52. Kc3 Ka4 53. Kd4 Rd1+  0-1

[Event "Olomouc Chess Summer 2024 - B1"]
[Site "Olomouc (CZE), Hotel Flora"]
[Date "2024.08.16"]
[Round "8"]
[Board "2"]
[White "Fizer, Marek"]
[Black "Flasik, Radoslav"]
[Result "1-0"]
[WhiteElo "2262"]
[BlackElo "2093"]
[PlyCount "85"]
[EventDate "2024.08.10"]
[EventRounds "9"]
[EventCountry "CZE"]

1. e4 c5 2. Nf3 d6 3. d4 cxd4 4. Nxd4 Nf6 5. Nc3 Nc6 6. Bg5 e6 7. Qd2 a6 8. O-O-O
Bd7 9. f3 Be7 10. Be3 h5 11. h4 Nxd4 12. Bxd4 b5 13. e5 dxe5 14. Bxe5 Bc6 15. Qg5
Qb6 16. Bd4 Qc7 17. Bd3 O-O-O 18. Be5 Qa7 19. Qf4 Bc5 20. Rhe1 Nd5 21. Nxd5 Bxd5
22. Bxg7 Rhg8 23. Bf6 Rd7 24. Re2 Rxg2 25. Kb1 Rxe2 26. Bxe2 Bd6 27. Qd2 Qc7 28.
Qg5 Bf4 29. Qxh5 Qa5 30. b3 Qa3 31. Qh8+ Kb7 32. Be5 Rd8 33. Qf6 Bxb3 34. axb3 Rxd1+
35. Bxd1 Qc1+ 36. Ka2 Bxe5 37. Qxe5 Qxd1 38. Qe4+ Kc7 39. Qf4+ Kc6 40. Kb2 f5 41.
h5 Qh1 42. Qg5 Qxf3 43. h6  1-0

[Event "Olomouc Chess Summer 2024 - B1"]
[Site "Olomouc (CZE), Hotel Flora"]
[Date "2024.08.16"]
[Round "8"]
[Board "3"]
[White "Ivanov, Mike"]
[Black "Ernst, Robert"]
[Result "1-0"]
[WhiteElo "2364"]
[BlackElo "2241"]
[PlyCount "101"]
[EventDate "2024.08.10"]
[EventRounds "9"]
[EventCountry "CZE"]

1. Nf3 d5 2. g3 Bg4 3. Bg2 e6 4. h3 Bh5 5. O-O Nf6 6. c4 c6 7. d4 Nbd7 8. cxd5 exd5
9. Ne5 Ne4 10. Nd2 Nxd2 11. Bxd2 f6 12. Nd3 Bd6 13. b4 O-O 14. Bf4 Nb6 15. Bxd6 Qxd6
16. Nf4 Bf7 17. Qb3 Nc4 18. Rfd1 Rfe8 19. e3 a5 20. a3 Ra7 21. bxa5 Rxa5 22. a4 Rea8
23. Ra2 Qb8 24. Rda1 Qa7 25. Ne2 Ra6 26. Nc3 Rb6 27. Qc2 Qa5 28. e4 dxe4 29. Nxe4
Rb4 30. Nc5 Rd8 31. Rd1 Nd6 32. Ra3 Nb5 33. Rad3 Nxd4 34. Nxb7 Qe5 35. f4 Qe7 36.
Qc5 Rxb7 37. Qxe7 Rxe7 38. Rxd4 Rxd4 39. Rxd4 Bd5 40. Bxd5+ cxd5 41. a5 Re1+ 42.
Kf2 Ra1 43. Rxd5 Ra3 44. h4 Kf7 45. h5 Ke6 46. Rb5 f5 47. Rb7 Kf6 48. Rb6+ Ke7 49.
a6 Kf7 50. Rb7+ Kf6 51. a7  1-0

[Event "Olomouc Chess Summer 2024 - B1"]
[Site "Olomouc (CZE), Hotel Flora"]
[Date "2024.08.16"]
[Round "8"]
[Board "4"]
[White "Sluka, Radek"]
[Black "Priehoda, Vitezslav"]
[Result "1-0"]
[WhiteElo "2314"]
[BlackElo "2262"]
[PlyCount "125"]
[EventDate "2024.08.10"]
[EventRounds "9"]
[EventCountry "CZE"]

1. e4 c5 2. Nf3 e6 3. b3 Nc6 4. Bb2 a6 5. d4 cxd4 6. Nxd4 Qc7 7. Nxc6 dxc6 8. Bd3
Nf6 9. Nd2 e5 10. O-O Bg4 11. Qe1 Nd7 12. Kh1 f6 13. Bc4 b5 14. Be2 Be6 15. a4 Rd8
16. Nf3 Bc5 17. Nh4 O-O 18. Nf5 Rfe8 19. Bg4 Nf8 20. h3 Bf7 21. Qc3 Qb6 22. Qg3 Ng6
23. Bc1 Kh8 24. Be2 Rg8 25. h4 Ne7 26. Ne3 Be6 27. h5 Qc7 28. Bg4 Qc8 29. Be2 Rd4
30. Bf3 Rd7 31. Ng4 Rdd8 32. Qh4 Rgf8 33. Be3 Bxe3 34. Nxe3 Qb7 35. axb5 axb5 36.
Rfd1 h6 37. Bg4 Bxg4 38. Qxg4 Qc7 39. Qe6 Rxd1+ 40. Rxd1 Rd8 41. Rxd8+ Qxd8 42. Qf7
Qd6 43. Kh2 Kh7 44. c4 bxc4 45. bxc4 Qd8 46. c5 Kh8 47. g3 Kh7 48. Ng2 Ng8 49. Nh4
Qd4 50. Qg6+ Kh8 51. Qf5 Ne7 52. Ng6+ Nxg6 53. hxg6 Qd8 54. Qe6 Qa8 55. Qd7 Kg8 56.
Kh3 Kh8 57. Kg4 Kg8 58. Kf5 Kh8 59. Ke6 Qf8 60. Qxc6 f5 61. exf5 e4 62. Kd7 Qxf5+
63. Qe6  1-0

[Event "Olomouc Chess Summer 2024 - B1"]
[Site "Olomouc (CZE), Hotel Flora"]
[Date "2024.08.16"]
[Round "8"]
[Board "5"]
[White "Lanc, Alois"]
[Black "Valenta, Vit Vaclav"]
[Result "1-0"]
[WhiteElo "2259"]
[BlackElo "2005"]
[PlyCount "51"]
[EventDate "2024.08.10"]
[EventRounds "9"]
[EventCountry "CZE"]

1. e4 e5 2. Nf3 Nc6 3. Bc4 Be7 4. d4 d6 5. dxe5 dxe5 6. Qxd8+ Bxd8 7. Nc3 Nf6 8.
Be3 a6 9. h3 h6 10. g4 Nd7 11. O-O-O f6 12. Nh4 Ne7 13. Nf5 Rh7 14. Rd2 Nf8 15. Bc5
g6 16. Nh4 Rg7 17. f4 Be6 18. Nd5 Bxd5 19. exd5 exf4 20. d6 cxd6 21. Bxd6 Rc8 22.
Bb3 g5 23. Bxe7 Bxe7 24. Nf5 Rh7 25. Re1 Rc6 26. Bg8  1-0